Olympique de Marseille all-time top scorers - Statistics

General Stats
  • This quiz has been taken 85 times
    28 since last reset
  • The average score is 5 of 10
Answer Stats
Goals Nationality Player % Correct
182 France Jean-Pierre Papin
89%
78 France Dimitri Payet
82%
86 France Florian Thauvin
75%
100 Senegal Mamadou Niang
71%
77 France André-Pierre Gignac
50%
194 Sweden / France Gunnar Andersson
46%
185 Croatia Josip Skoblar
39%
70 England / Ireland Tony Cascarino
14%
88 Cameroon Joseph Yegba Maya
11%
72 France Marc Pascal
4%
No matching quizzes found
Score Distribution
Percent of People with Each Score
Percentile by Number Answered
Your Score History
You have not taken this quiz since the last reset